000
00327 a2200145 4500
001
169773
020
_a
040
_c
Magnum
100
_a
-
240
1
0
_a
El pais semanal/14 de octubre de 2001
_l
ESP
245
1
0
_a
El pais semanal/14 de octubre de 2001
362
0
_a
1899
697
_a
LITERATURA ESTRANGEIRA
942
_c
BK
999
_c
169773
_d
169773